00784nam a2200241 a 4500001001300000003000900013005001700022008004100039020002300080082001300103100002400116245008000140260005400220300000900274500003500283505002400318650003000342700002400372902000800396942000700404952011400411999001700525nice12345678IN_TiNIC20260116014205.0050524s2004 newa grp 000 0 eng  a8174353 c22500a291bAAS aAasi, Ghulam Haider aMuslim Understanding of Other Religionsb Study of Ibn Hazm`s Kitab Al-Fasl aNew Delhi bAdam Publisher and Distributer c2004 a231p aincludes index and biblioraphy2 aBibliography, Index aIslam and Other Religions1 aAasi, Ghulam Haider bSRS cBK 001040708StackRoom-aHMIbHMId2007-07-19g225.00l0o291 AASp021271r2007-07-19v225.00w2005-05-24yBK c14253d14253